Oldest Living NBA Champions - Statistics

General Stats
  • This quiz has been taken 12 times
  • The average score is 2 of 10
Answer Stats
Age Player % Correct
97 Bob Cousy
100%
92 Bob Pettit
67%
93 Cliff Hagan
11%
86 Em Bryant
11%
92 Jackie Moore
11%
86 Satch Sanders
11%
85 Tom Thacker
11%
88 Wayne Embry
11%
88 Bailey Howell
0%
88 Dave Gambee
0%
No matching quizzes found
Score Distribution
Percent of People with Each Score
Percentile by Number Answered
Your Score History
You have not taken this quiz